Studying Audiences : (Record no. 608298)

MARC details
000 -LEADER
fixed length control field 00492nam a2200193 a 4500
008 - FIXED-LENGTH DATA ELEMENTS--GENERAL INFORMATION
fixed length control field 260111s1996##################000#0#eng##
020 ## - INTERNATIONAL STANDARD BOOK NUMBER
ISBN 9780415024471
082 04 - DEWEY DECIMAL CLASSIFICATION NUMBER
Classification number 302.23NIG
100 1# - MAIN ENTRY--AUTHOR NAME
Personal name Nightingale, Virginia,
245 10 - TITLE STATEMENT
Title Studying Audiences :
260 ## - PUBLICATION, DISTRIBUTION, ETC. (IMPRINT)
Name of publisher Psychology Press,
Year of publication 1996.
300 ## - PHYSICAL DESCRIPTION
Number of Pages 194 pages
650 #0 - SUBJECT ADDED ENTRY--TOPICAL TERM
Topical Term History.
942 ## - ADDED ENTRY ELEMENTS (KOHA)
Koha item type English Books
Holdings
Withdrawn status Lost status Damaged status Not for loan Home library Current library Shelving location Date acquired Full call number Accession Number Price effective from Koha item type
        Anna Centenary Library Anna Centenary Library 3RD FLOOR, B WING 12.01.2026 302.23NIG 179850 12.01.2026 English Books

Find us on the map